000
00319nam a22001457a 4500
020
_a
978-0-06-313880-3
082
_a
158
_b
CIA/I
100
_a
CIALDINI, ROBERT B
245
_a
INFLUENCE
260
_a
NEW YORK
_b
ROBERT COLLINS
_c
2007
300
_a
568
520
_a
PSYCHOLOGY
650
_a
REFERENCE BOOK
942
_c
BK
999
_c
7040
_d
7040